Escape From Tarkov Ranged weapons - Statistics

General Stats
  • This quiz has been taken 29 times
    28 since last reset
  • The average score is 48 of 133
Answer Stats
Answer % Correct
AK-74
94%
M4A1
88%
AKM
82%
MK-47
76%
AK-101
65%
AK-102
65%
AK-103
65%
Mosin Infantry
65%
Mosin Sniper
65%
AK-104
59%
AK-105
59%
AK-12
59%
ASVAL
59%
FN57
59%
GLOCK 17
59%
Makarov PM
59%
MDR-556
59%
MDR-762
59%
MP-133
59%
MP-153
59%
PKP
59%
PP-91 Kedr
59%
SA58
59%
SVDS
59%
AKMN
53%
M700
53%
MP-155
53%
MP9
53%
OP-SKS
53%
P90
53%
PKM
53%
RPK-16
53%
SAIGA-12K
53%
SAIGA-12K FA
53%
SKS
53%
AKS-74
47%
ASh-12
47%
GLOCK 18C
47%
HK416A5
47%
MP5
47%
MP7A1
47%
RSASS
47%
SCAR-H
47%
SCAR-L
47%
SR-3M
47%
VSS
47%
ADAR 2-15
41%
AKS-74U
41%
DVL 10
41%
G36
41%
MCX
41%
MP7A2
41%
PP-19-01
41%
RPD
41%
SR-25
41%
TX-15 DML
41%
VPO-101
41%
AA-12
35%
AKMS
35%
AXMC
35%
G28
35%
IWI UZI
35%
M1A
35%
MPX
35%
PPSH41
35%
RFB
35%
SR-2M
35%
SVT-40
35%
AK74M
29%
AK-74N
29%
AKS-74UB
29%
AVT-40
29%
GLOCK 19X
29%
MK18
29%
MP-18
29%
PP-9 Klin
29%
Rsh-12
29%
SAIGA-9
29%
SV98
29%
TOZ 106
29%
Vector .45
29%
Vector 9mm
29%
Velociraptor
29%
AKMSN
24%
APS
24%
AUGA1
24%
AUGA3
24%
Blicky
24%
M9A3
24%
MP9-N
24%
PB
24%
PP91-01
24%
RD-704
24%
SR-1MP
24%
T5000M
24%
VPO 209
24%
VSK-94
24%
9A-91
18%
AKS-74N
18%
APB
18%
KS-23M
18%
M1911A1
18%
M590A1
18%
M60E6
18%
M870
18%
P226R
18%
PL15
18%
RPDN
18%
STM9
18%
TT-33
18%
USP-45
18%
VPO-136
18%
VPO-215
18%
AKS-74UN
12%
CR200DS
12%
CR50DS
12%
M3 Super 90
12%
M45A1
12%
MCX SPEAR
12%
MP-43-1C
12%
MP443
12%
MP5K-N
12%
TRG M10
12%
TT-33 Gold
12%
UMP-45
12%
UZI PRO Pistol
12%
UZI PRO SMG
12%
Deagle .357
6%
Deagle .50AE
6%
M60E4
6%
MTS-255-12
6%
SAG 545
6%
No matching quizzes found
Score Distribution
Percent of People with Each Score
Percentile by Number Answered
Your Score History
You have not taken this quiz since the last reset